[Event "Holbak Lovfald B"]
[Site "Holbak"]
[Date "2015.09.13"]
[Round "5"]
[White "Dalberg, Preben"]
[Black "Lauritsen, Martin Lee"]
[Result "1/2-1/2"]
[WhiteElo "2152"]
[BlackElo "2092"]
[PlyCount "43"]
[EventDate "2015.09.11"]
[EventType "tourn"]
[EventRounds "5"]
[EventCountry "DEN"]
[SourceTitle "EXT 2024"]
[Source "ChessBase"]
[SourceDate "2023.10.10"]
[SourceVersion "1"]
[SourceVersionDate "2023.10.10"]
[SourceQuality "1"]

1. d4 Nf6 2. c4 e6 3. Nc3 Bb4 4. e3 0-0 5. Nge2 b6 6. a3 Bxc3+ 7. Nxc3 Bb7 8. d5 e5 9. e4 d6 10. Bd3 Nbd7 11. 0-0 Re8 12. g3 Bc8 13. Bc2 Nf8 14. Ba4 Bd7 15. Bxd7 N8xd7 16. Be3 Nf8 17. Qe2 h6 18. b4 a5 19. c5 axb4 20. axb4 bxc5 21. bxc5 Qe7 22. c6 1/2-1/2

[Event "Holbak Lovfald B"]
[Site "Holbak"]
[Date "2015.09.12"]
[Round "3"]
[White "Dalberg, Preben"]
[Black "Nielsen, Brian"]
[Result "1-0"]
[WhiteElo "2152"]
[BlackElo "2048"]
[PlyCount "85"]
[EventDate "2015.09.11"]
[EventType "tourn"]
[EventRounds "5"]
[EventCountry "DEN"]
[SourceTitle "EXT 2024"]
[Source "ChessBase"]
[SourceDate "2023.10.10"]
[SourceVersion "1"]
[SourceVersionDate "2023.10.10"]
[SourceQuality "1"]

1. d4 Nf6 2. c4 c5 3. d5 b5 4. Nf3 bxc4 5. Nc3 d6 6. e4 g6 7. Bxc4 Bg7 8. 0-0 0-0 9. h3 Ba6 10. Nd2 Nfd7 11. Qe2 Qc8 12. a4 Ne5 13. Nb5 Bxb5 14. axb5 Nbd7 15. Ra6 Nb6 16. b3 Re8 17. f4 Ned7 18. Nf3 Nb8 19. Ra2 Qb7 20. f5 N8d7 21. fxg6 hxg6 22. Ng5 Nf6 23. Ra6 Nbd7 24. Bb2 Nb8 25. Ra2 Nbd7 26. Rfa1 Rf8 27. Ra6 Nb8 28. R6a2 Nbd7 29. g4 Nh7 30. Nf3 Qc7 31. Ra6 Qb7 32. Bxg7 Kxg7 33. Qb2+ Kg8 34. Qa2 f5 35. exf5 gxf5 36. g5 Qc8 37. Qe2 f4 38. Qe6+ Kh8 39. Rxa7 Rxa7 40. Rxa7 Ne5 41. Nxe5 Qxe6 42. dxe6 dxe5 43. h4 1-0

[Event "Politiken Cup 31st"]
[Site "Helsingor"]
[Date "2009.07.23"]
[Round "7"]
[White "Andersen, Dag"]
[Black "Dalberg, Preben"]
[Result "1/2-1/2"]
[WhiteElo "1926"]
[BlackElo "2088"]
[PlyCount "99"]
[EventDate "2009.07.18"]
[EventType "swiss"]
[EventRounds "10"]
[EventCountry "DEN"]
[SourceTitle "CBM 131 Extra"]
[Source "ChessBase"]
[SourceDate "2009.09.03"]
[SourceVersion "2"]
[SourceVersionDate "2009.09.16"]
[SourceQuality "1"]

1. e4 e6 2. d4 d5 3. Nc3 Bb4 4. e5 b6 5. Nf3 Qd7 6. Bd2 Nc6 7. Bd3 Bb7 8. a3 Bf8 9. Qe2 0-0-0 10. Ba6 Nge7 11. Bxb7+ Kxb7 12. Qd3 h6 13. Ne2 f6 14. exf6 gxf6 15. b4 Nf5 16. b5 Nce7 17. 0-0 Nd6 18. Rfb1 Nc4 19. a4 e5 20. dxe5 fxe5 21. Ne1 Bg7 22. c3 Rhg8 23. Ra2 Rdf8 24. Ng3 Qe6 25. Qe2 Qg6 26. Rd1 Bf6 27. Bc1 Bg5 28. Bxg5 hxg5 29. Nd3 e4 30. Nb4 e3 31. fxe3 Rd8 32. Nc2 Qe6 33. Nd4 Qe5 34. e4 Rh8 35. exd5 Qxe2 36. Ngxe2 Nxd5 37. Nc6 Rd7 38. Rd3 Nce3 39. a5 Rf7 40. Ng3 Rhf8 41. h3 Rf4 42. axb6 Kxb6 43. Ne5 Re8 44. Nf3 Kxb5 45. Rxa7 g4 46. hxg4 Rxg4 47. Kf2 Reg8 48. c4+ Kb6 49. Rda3 Rxc4 50. R3a6+ 1/2-1/2

[Event "Politiken Cup 31st"]
[Site "Helsingor"]
[Date "2009.07.21"]
[Round "5"]
[White "Johansen, Stian"]
[Black "Dalberg, Preben"]
[Result "1-0"]
[WhiteElo "1874"]
[BlackElo "2088"]
[PlyCount "43"]
[EventDate "2009.07.18"]
[EventType "swiss"]
[EventRounds "10"]
[EventCountry "DEN"]
[SourceTitle "CBM 131 Extra"]
[Source "ChessBase"]
[SourceDate "2009.09.03"]
[SourceVersion "2"]
[SourceVersionDate "2009.09.16"]
[SourceQuality "1"]

1. e4 c5 2. Nf3 Nc6 3. d4 cxd4 4. Nxd4 g6 5. c4 Bg7 6. Be3 Nf6 7. f3 0-0 8. Nc3 d6 9. Qd2 Bd7 10. Be2 a5 11. 0-0 Nxd4 12. Bxd4 Bc6 13. Rac1 Nd7 14. Rfd1 b6 15. Nd5 Nc5 16. Qg5 Ra7 17. Qe3 Bxd4 18. Qxd4 Qb8 19. Rb1 e5 20. Nf6+ Kg7 21. Qxd6 Ne6 22. Ng4 1-0

[Event "Politiken Cup 31st"]
[Site "Helsingor"]
[Date "2009.07.18"]
[Round "1"]
[White "Nielsen, Leonard de Freitas"]
[Black "Dalberg, Preben"]
[Result "0-1"]
[WhiteElo "1972"]
[BlackElo "2088"]
[PlyCount "66"]
[EventDate "2009.07.18"]
[EventType "swiss"]
[EventRounds "10"]
[EventCountry "DEN"]
[SourceTitle "CBM 131 Extra"]
[Source "ChessBase"]
[SourceDate "2009.09.03"]
[SourceVersion "2"]
[SourceVersionDate "2009.09.16"]
[SourceQuality "1"]

1. e4 e6 2. Nc3 d5 3. exd5 exd5 4. d4 Bb4 5. Nf3 Nf6 6. Bd3 Nc6 7. 0-0 Bg4 8. Re1+ Be7 9. Be2 0-0 10. Ne5 Bf5 11. a3 Re8 12. Bb5 Bd7 13. Nxd7 Qxd7 14. Bf4 a6 15. Ba4 b5 16. Bb3 Na5 17. Ba2 c6 18. b4 Nb7 19. h3 a5 20. Be5 axb4 21. Bxf6 bxc3 22. Bxe7 Rxe7 23. Bb3 Na5 24. a4 b4 25. Qd3 g6 26. Re3 Rxe3 27. fxe3 Qe6 28. Re1 f5 29. Re2 Qe4 30. Kf2 Qxd3 31. cxd3 Nxb3 32. g4 Nc1 33. Rc2 b3 0-1

[Event "Politiken Cup 30th"]
[Site "Helsingor"]
[Date "2008.07.26"]
[Round "9"]
[White "Matthiesen, Martin"]
[Black "Dalberg, Preben"]
[Result "1-0"]
[WhiteElo "2345"]
[BlackElo "2097"]
[PlyCount "115"]
[EventDate "2008.07.19"]
[EventType "swiss"]
[EventRounds "10"]
[EventCountry "DEN"]
[SourceTitle "CBM 125 Extra"]
[Source "ChessBase"]
[SourceDate "2008.09.01"]
[SourceVersion "1"]
[SourceVersionDate "2008.09.01"]
[SourceQuality "1"]

1. d4 d5 2. c4 e6 3. Nc3 Nf6 4. cxd5 exd5 5. Bg5 Be7 6. e3 0-0 7. Bd3 Nbd7 8. Nge2 Re8 9. 0-0 Nf8 10. b4 c6 11. Rb1 a6 12. Qc2 Ne4 13. Bxe7 Qxe7 14. Bxe4 dxe4 15. Ng3 f5 16. f3 exf3 17. Rxf3 Ng6 18. Kh1 Nh4 19. Rf2 Bd7 20. Na4 Rad8 21. Nc5 Bc8 22. Re2 Qd6 23. Rf1 Rf8 24. Ree1 Rde8 25. Qf2 g5 26. a3 b6 27. Na4 b5 28. Nc5 Be6 29. Qd2 Bc4 30. Rg1 h6 31. Nxa6 Bd5 32. Nc5 f4 33. e4 fxg3 34. hxg3 Qxg3 35. exd5 Nf5 36. Rgf1 Qg4 37. Kg1 Nxd4 38. Re3 Ne2+ 39. Qxe2 Qxe2 40. Rxe2 Rxe2 41. dxc6 Rxf1+ 42. Kxf1 Re8 43. a4 Kf7 44. axb5 Ke7 45. Ke2 Kd6+ 46. Kd3 Rf8 47. Ne4+ Kc7 48. g3 Rf5 49. Kc4 h5 50. Nc3 h4 51. Nd5+ Rxd5 52. Kxd5 h3 53. b6+ Kxb6 54. Kd6 h2 55. c7 h1Q 56. c8Q Qd1+ 57. Ke7 Qe1+ 58. Qe6+ 1-0

[Event "Politiken Cup 30th"]
[Site "Helsingor"]
[Date "2008.07.24"]
[Round "7"]
[White "Dalberg, Preben"]
[Black "Sylvan, Jacob"]
[Result "1/2-1/2"]
[WhiteElo "2097"]
[BlackElo "2250"]
[PlyCount "36"]
[EventDate "2008.07.19"]
[EventType "swiss"]
[EventRounds "10"]
[EventCountry "DEN"]
[SourceTitle "CBM 125 Extra"]
[Source "ChessBase"]
[SourceDate "2008.09.01"]
[SourceVersion "1"]
[SourceVersionDate "2008.09.01"]
[SourceQuality "1"]

1. c4 Nf6 2. Nc3 g6 3. g3 Bg7 4. Bg2 0-0 5. Nf3 d6 6. d4 Nbd7 7. 0-0 c6 8. h3 e5 9. e4 Qb6 10. d5 cxd5 11. cxd5 Nc5 12. Re1 Bd7 13. Bf1 Rfc8 14. Nd2 a5 15. Nc4 Qc7 16. a4 b6 17. Bd2 Rab8 18. Rb1 Bf8 1/2-1/2

[Event "Politiken Cup 30th"]
[Site "Helsingor"]
[Date "2008.07.23"]
[Round "6"]
[White "Olsen, Peter Erik"]
[Black "Dalberg, Preben"]
[Result "1/2-1/2"]
[WhiteElo "2224"]
[BlackElo "2097"]
[PlyCount "29"]
[EventDate "2008.07.19"]
[EventType "swiss"]
[EventRounds "10"]
[EventCountry "DEN"]
[SourceTitle "CBM 125 Extra"]
[Source "ChessBase"]
[SourceDate "2008.09.01"]
[SourceVersion "1"]
[SourceVersionDate "2008.09.01"]
[SourceQuality "1"]

1. d4 d5 2. Nf3 Nf6 3. c4 e6 4. Nc3 Be7 5. Bg5 h6 6. Bh4 0-0 7. e3 Ne4 8. Bxe7 Qxe7 9. Rc1 c6 10. Be2 Nd7 11. 0-0 Nxc3 12. Rxc3 dxc4 13. Bxc4 b6 14. a3 Bb7 15. Qe2 1/2-1/2

[Event "Politiken Cup 30th"]
[Site "Helsingor"]
[Date "2008.07.20"]
[Round "3"]
[White "Dalberg, Preben"]
[Black "Overeem, Marc"]
[Result "1/2-1/2"]
[WhiteElo "2097"]
[BlackElo "2288"]
[PlyCount "80"]
[EventDate "2008.07.19"]
[EventType "swiss"]
[EventRounds "10"]
[EventCountry "DEN"]
[SourceTitle "CBM 125 Extra"]
[Source "ChessBase"]
[SourceDate "2008.09.01"]
[SourceVersion "1"]
[SourceVersionDate "2008.09.01"]
[SourceQuality "1"]

1. c4 e5 2. g3 Nf6 3. Bg2 d5 4. cxd5 Nxd5 5. Nf3 Nc6 6. 0-0 Be7 7. d3 0-0 8. Nbd2 Be6 9. Ne4 Nb6 10. Be3 Qd7 11. Nc5 Bxc5 12. Bxc5 Rfe8 13. a3 Bh3 14. b4 Bxg2 15. Kxg2 Rad8 16. Rc1 Nd4 17. Bxb6 axb6 18. e3 Ne6 19. Nxe5 Qd5+ 20. Nf3 Qxd3 21. Qxd3 Rxd3 22. Rfd1 Red8 23. Rxd3 Rxd3 24. Nd4 c6 25. Nxe6 fxe6 26. a4 Rb3 27. Rc4 Kf7 28. Kf3 Ke7 29. h4 Rb2 30. h5 e5 31. Ke4 Ke6 32. f4 b5 33. axb5 cxb5 34. Rc7 Rxb4+ 35. Kf3 e4+ 36. Kg4 Kf6 37. Rxb7 Rb3 38. Rb6+ Kf7 39. Rb7+ Kf6 40. Rb6+ Kf7 1/2-1/2

[Event "Politiken Cup 29th"]
[Site "Copenhagen"]
[Date "2007.07.25"]
[Round "6"]
[White "Fjellengen, Bard"]
[Black "Dalberg, Preben"]
[Result "0-1"]
[WhiteElo "1899"]
[BlackElo "2205"]
[PlyCount "70"]
[EventDate "2007.07.21"]
[EventType "swiss"]
[EventRounds "10"]
[EventCountry "DEN"]
[SourceTitle "CBM 119 Extra"]
[Source "ChessBase"]
[SourceDate "2007.09.04"]
[SourceVersion "1"]
[SourceVersionDate "2007.09.04"]
[SourceQuality "1"]

1. d4 d5 2. c4 Nc6 3. Nc3 dxc4 4. d5 Ne5 5. f4 Ng4 6. h3 N4f6 7. e4 e6 8. Bxc4 exd5 9. Bxd5 Nxd5 10. Qxd5 Qxd5 11. Nxd5 Bd6 12. Be3 Be6 13. Nc3 Bb4 14. Nge2 Ne7 15. Kf2 c6 16. a3 Ba5 17. Na4 Bc7 18. Rac1 0-0 19. Nc5 Bc8 20. Nb3 b6 21. Nbd4 c5 22. Nb5 Bb8 23. Ng3 Ba6 24. Nc3 f5 25. e5 Bxe5 26. fxe5 f4 27. Bxf4 Rxf4+ 28. Ke3 Rd4 29. Rhd1 Rad8 30. Nge4 Nc6 31. Kf4 Rf8+ 32. Ke3 Re8 33. Ne2 Rxe4+ 34. Kxe4 Rxe5+ 35. Kf4 Rxe2 0-1

[Event "Politiken Cup 29th"]
[Site "Copenhagen"]
[Date "2007.07.23"]
[Round "4"]
[White "Notkevich, Benjamin Arvola"]
[Black "Dalberg, Preben"]
[Result "1-0"]
[WhiteElo "2022"]
[BlackElo "2205"]
[PlyCount "63"]
[EventDate "2007.07.21"]
[EventType "swiss"]
[EventRounds "10"]
[EventCountry "DEN"]
[SourceTitle "CBM 119 Extra"]
[Source "ChessBase"]
[SourceDate "2007.09.04"]
[SourceVersion "1"]
[SourceVersionDate "2007.09.04"]
[SourceQuality "1"]

1. e4 e6 2. d4 d5 3. Nc3 Bb4 4. e5 c5 5. a3 Bxc3+ 6. bxc3 Ne7 7. Qg4 0-0 8. Bd3 Nbc6 9. Qh5 Ng6 10. Nf3 Qc7 11. Be3 c4 12. Bxg6 fxg6 13. Qg4 Rf5 14. h4 Bd7 15. h5 gxh5 16. Rxh5 Rxh5 17. Qxh5 Be8 18. Qh3 Nd8 19. Kd2 Bg6 20. Rh1 Qd7 21. Nh4 Qf7 22. g4 Rc8 23. Nxg6 Qxg6 24. f4 h6 25. f5 Qf7 26. f6 Qg6 27. g5 Qf5 28. gxh6 Qxh3 29. Rxh3 gxf6 30. Rg3+ Kh8 31. Rg7 fxe5 32. Bg5 1-0

[Event "Politiken Cup 28th"]
[Site "Copenhagen"]
[Date "2006.07.28"]
[Round "7"]
[White "Zozulia, Anna"]
[Black "Dalberg, Preben"]
[Result "1-0"]
[WhiteElo "2352"]
[BlackElo "2190"]
[PlyCount "65"]
[EventDate "2006.07.22"]
[EventType "swiss"]
[EventRounds "9"]
[EventCountry "DEN"]
[SourceTitle "CBM 113 Extra"]
[Source "ChessBase"]
[SourceDate "2006.09.14"]
[SourceVersion "1"]
[SourceVersionDate "2006.09.14"]
[SourceQuality "1"]

1. e4 e6 2. d4 d5 3. Nd2 a6 4. Bd3 c5 5. dxc5 Bxc5 6. Ngf3 Nc6 7. 0-0 Nge7 8. c3 0-0 9. Qc2 h6 10. Re1 Bd7 11. Nb3 Ba7 12. Bf4 Bb8 13. Bxb8 Qxb8 14. Rad1 Qa7 15. Qe2 a5 16. Bb1 Rad8 17. Qc2 f5 18. exf5 exf5 19. Ne5 Be8 20. Nd4 Nxd4 21. Rxd4 Nc6 22. Rf4 g6 23. Rh4 Kg7 24. Qd2 g5 25. Rh3 Rf6 26. Rxh6 Kxh6 27. h4 f4 28. Ng4+ Kg7 29. Nxf6 Kxf6 30. Qd3 Ne7 31. hxg5+ Kxg5 32. Rxe7 Qb6 33. Qf5+ 1-0

[Event "Politiken Cup 28th"]
[Site "Copenhagen"]
[Date "2006.07.26"]
[Round "5"]
[White "Matthiesen, Arne"]
[Black "Dalberg, Preben"]
[Result "1-0"]
[WhiteElo "2358"]
[BlackElo "2190"]
[PlyCount "89"]
[EventDate "2006.07.22"]
[EventType "swiss"]
[EventRounds "9"]
[EventCountry "DEN"]
[SourceTitle "CBM 113 Extra"]
[Source "ChessBase"]
[SourceDate "2006.09.14"]
[SourceVersion "1"]
[SourceVersionDate "2006.09.14"]
[SourceQuality "1"]

1. d4 d5 2. c4 Nc6 3. Nc3 dxc4 4. Nf3 Nf6 5. Bg5 h6 6. Bxf6 exf6 7. e3 Bd6 8. Bxc4 0-0 9. 0-0 a6 10. Rc1 f5 11. Re1 Qf6 12. g3 Qd8 13. Bf1 Ne7 14. Na4 Nd5 15. Bg2 c6 16. a3 Qe7 17. Nd2 Be6 18. Nc4 Rab8 19. Nxd6 Qxd6 20. Qc2 g6 21. b4 Nf6 22. Qc5 Qd8 23. Qc2 Bd5 24. f3 Re8 25. Nc5 Kg7 26. Qc3 Kh7 27. e4 Be6 28. Rcd1 Bc8 29. d5 cxd5 30. exd5 b6 31. Rxe8 Nxe8 32. Nb3 Qd6 33. f4 Bd7 34. Nd4 Rc8 35. Qd3 b5 36. Nb3 Rc4 37. Na5 Rc8 38. Qd4 Rc2 39. Nb7 Qe7 40. Qe5 Qf6 41. d6 Qg7 42. Nc5 Nf6 43. Nxd7 Nxd7 44. Qxg7+ Kxg7 45. Bb7 1-0

[Event "Politiken Cup 28th"]
[Site "Copenhagen"]
[Date "2006.07.24"]
[Round "3"]
[White "Degtiarev, Evgeny"]
[Black "Dalberg, Preben"]
[Result "1-0"]
[WhiteElo "2378"]
[BlackElo "2190"]
[PlyCount "79"]
[EventDate "2006.07.22"]
[EventType "swiss"]
[EventRounds "9"]
[EventCountry "DEN"]
[SourceTitle "CBM 113 Extra"]
[Source "ChessBase"]
[SourceDate "2006.09.14"]
[SourceVersion "1"]
[SourceVersionDate "2006.09.14"]
[SourceQuality "1"]

1. d4 d5 2. Nf3 Nf6 3. c4 e6 4. Nc3 Be7 5. cxd5 exd5 6. Bf4 c6 7. e3 Bf5 8. h3 Qb6 9. Bd3 Bxd3 10. Qxd3 Nbd7 11. 0-0 0-0 12. g4 Rfe8 13. g5 Ne4 14. Nxe4 dxe4 15. Qxe4 Bxg5 16. Qf5 Bxf4 17. Qxf4 Re6 18. b3 Rae8 19. Kh1 Qb5 20. Rg1 Qd5 21. Rg5 Qe4 22. Qxe4 Rxe4 23. b4 h6 24. Ra5 a6 25. a4 Nb8 26. Rc5 Nd7 27. Rc2 Ra8 28. Rb1 Re6 29. b5 axb5 30. axb5 Kf8 31. bxc6 bxc6 32. Rb7 Ke8 33. Rc7 Ra6 34. Rb2 Rd6 35. Rbb7 f6 36. Rc8+ Kf7 37. e4 Ra3 38. Kg2 Rxf3 39. Kxf3 Rxd4 40. Rxc6 1-0

[Event "Politiken Cup 28th"]
[Site "Copenhagen"]
[Date "2006.07.22"]
[Round "1"]
[White "Lie, Terje"]
[Black "Dalberg, Preben"]
[Result "0-1"]
[WhiteElo "1842"]
[BlackElo "2190"]
[PlyCount "78"]
[EventDate "2006.07.22"]
[EventType "swiss"]
[EventRounds "9"]
[EventCountry "DEN"]
[SourceTitle "CBM 113 Extra"]
[Source "ChessBase"]
[SourceDate "2006.09.14"]
[SourceVersion "1"]
[SourceVersionDate "2006.09.14"]
[SourceQuality "1"]

1. d4 d5 2. c4 Nc6 3. Nc3 dxc4 4. e3 e5 5. d5 Nce7 6. Bxc4 Ng6 7. e4 Nf6 8. f3 Bc5 9. Nge2 Nh5 10. Bb5+ Bd7 11. Bxd7+ Qxd7 12. Ng3 Nhf4 13. Qc2 c6 14. Na4 Bb4+ 15. Kf2 cxd5 16. exd5 Rc8 17. Qb3 Qxd5 18. Qxd5 Nxd5 19. Rd1 Ndf4 20. a3 Bc5+ 21. Kf1 0-0 22. Nxc5 Rxc5 23. Rd7 Rd5 24. Rxd5 Nxd5 25. Bd2 Rc8 26. Rc1 Rxc1+ 27. Bxc1 Ngf4 28. Bd2 b6 29. Ne4 Kf8 30. Nc3 Nxc3 31. Bxc3 f6 32. Bb4+ Ke8 33. Bd6 Kd7 34. Bb8 a6 35. a4 a5 36. b3 Nd5 37. b4 axb4 38. g3 b3 39. f4 b2 0-1

[Event "Holberg"]
[Site "Dianalund"]
[Date "2000.02.20"]
[Round "7"]
[White "Dalberg, Preben"]
[Black "Hovmoller, Kristian"]
[Result "0-1"]
[WhiteElo "2177"]
[BlackElo "1980"]
[PlyCount "104"]
[EventDate "2000.02.14"]
[EventType "tourn"]
[EventRounds "7"]
[EventCountry "DEN"]
[SourceTitle "EXT 2018"]
[Source "ChessBase"]
[SourceDate "2017.10.13"]
[SourceVersion "1"]
[SourceVersionDate "2017.10.13"]
[SourceQuality "1"]

1. c4 Nf6 2. g3 c5 3. Bg2 g6 4. Nc3 Bg7 5. Nf3 0-0 6. 0-0 Nc6 7. d4 cxd4 8. Nxd4 a6 9. c5 Qc7 10. Nb3 b5 11. e4 Bb7 12. f4 d6 13. cxd6 exd6 14. Be3 Rfe8 15. Rc1 Qd7 16. Re1 Rac8 17. Qd2 Nb8 18. Bf2 b4 19. Nd5 Rxc1 20. Nxf6+ Bxf6 21. Nxc1 a5 22. Bd4 Qd8 23. Qf2 Nc6 24. Bxf6 Qxf6 25. Nd3 Qd8 26. Rd1 Qc7 27. Rc1 Qd8 28. Rd1 Qe7 29. Re1 f6 30. Qb6 Ba8 31. e5 Rb8 32. Qa6 Qa7+ 33. Qxa7 Nxa7 34. exd6 Bxg2 35. Kxg2 Rd8 36. Nc5 Rxd6 37. Re8+ Kf7 38. Rh8 Kg7 39. Ra8 Nc6 40. Ne4 Re6 41. Kf3 f5 42. Ng5 Nd4+ 43. Kf2 Re2+ 44. Kg1 Nc6 45. Ra6 Rc2 46. b3 Kf6 47. Nxh7+ Ke7 48. Ng5 Kd7 49. Nf3 Rxa2 50. Ne5+ Nxe5 51. fxe5 a4 52. e6+ Ke7 0-1

[Event "Holberg"]
[Site "Dianalund"]
[Date "2000.02.19"]
[Round "6"]
[White "Rasmussen, Rogvi W"]
[Black "Dalberg, Preben"]
[Result "1-0"]
[WhiteElo "2104"]
[BlackElo "2177"]
[PlyCount "81"]
[EventDate "2000.02.14"]
[EventType "tourn"]
[EventRounds "7"]
[EventCountry "DEN"]
[SourceTitle "EXT 2018"]
[Source "ChessBase"]
[SourceDate "2017.10.13"]
[SourceVersion "1"]
[SourceVersionDate "2017.10.13"]
[SourceQuality "1"]

1. d4 d5 2. c4 e6 3. Nf3 c5 4. cxd5 exd5 5. g3 Nc6 6. Bg2 Nf6 7. 0-0 Be7 8. Nc3 0-0 9. Bg5 cxd4 10. Nxd4 h6 11. Be3 Re8 12. Qb3 Na5 13. Qc2 Bg4 14. Nf5 Bb4 15. h3 Bxf5 16. Qxf5 Bxc3 17. bxc3 Nc4 18. Bd4 Rxe2 19. Bxf6 Qxf6 20. Qxf6 gxf6 21. Bxd5 Nd6 22. Rfe1 Rxe1+ 23. Rxe1 Kf8 24. Rb1 Rc8 25. Bxb7 Rb8 26. Be4 Rxb1+ 27. Bxb1 Nb5 28. Bc2 Nxc3 29. Bb3 Ke7 30. Kg2 Kd6 31. Bxf7 Kc5 32. f4 Kb4 33. g4 Ka3 34. h4 Ne4 35. Kf3 Nd6 36. Bg8 Kb4 37. g5 fxg5 38. fxg5 hxg5 39. hxg5 Nf5 40. Kf4 Ng7 41. Bf7 1-0

[Event "Holberg"]
[Site "Dianalund"]
[Date "2000.02.16"]
[Round "3"]
[White "Dalberg, Preben"]
[Black "Nielsen, Max"]
[Result "0-1"]
[WhiteElo "2177"]
[BlackElo "2208"]
[PlyCount "106"]
[EventDate "2000.02.14"]
[EventType "tourn"]
[EventRounds "7"]
[EventCountry "DEN"]
[SourceTitle "EXT 2018"]
[Source "ChessBase"]
[SourceDate "2017.10.13"]
[SourceVersion "1"]
[SourceVersionDate "2017.10.13"]
[SourceQuality "1"]

1. c4 e5 2. g3 Nf6 3. Bg2 d5 4. cxd5 Nxd5 5. Nc3 Nb6 6. Nf3 Nc6 7. 0-0 Be7 8. a3 0-0 9. d3 Be6 10. b4 a5 11. b5 Nd4 12. Nd2 Bd5 13. Nxd5 Nxd5 14. Bb2 a4 15. Nc4 f6 16. b6 c6 17. e4 Nxb6 18. Ne3 Qd7 19. Rb1 Nc8 20. Bxd4 exd4 21. Nc2 Na7 22. Qh5 g6 23. Qh6 Nb5 24. Bh3 Qd6 25. Bg4 Rfe8 26. Ra1 Bf8 27. Qd2 Nc7 28. h4 b5 29. Kg2 c5 30. f4 b4 31. h5 b3 32. Ne1 Nb5 33. Nf3 Nc3 34. hxg6 hxg6 35. f5 Rab8 36. fxg6 b2 37. Rab1 Nxb1 38. Rxb1 Qb6 39. Bd7 Re7 40. Bxa4 Ra7 41. Qc2 Bh6 42. Qc4+ Kg7 43. Nh4 Bg5 44. Bd1 Bxh4 45. gxh4 Qb5 46. Qxb5 Rxb5 47. a4 Rb4 48. h5 Rc7 49. Be2 Rcb7 50. Bd1 c4 51. dxc4 Rxc4 52. a5 Rc1 53. a6 Ra7 0-1

[Event "Holberg"]
[Site "Dianalund"]
[Date "2000.02.15"]
[Round "2"]
[White "Jorgensen, Gert"]
[Black "Dalberg, Preben"]
[Result "1/2-1/2"]
[WhiteElo "2032"]
[BlackElo "2177"]
[PlyCount "43"]
[EventDate "2000.02.14"]
[EventType "tourn"]
[EventRounds "7"]
[EventCountry "DEN"]
[SourceTitle "EXT 2018"]
[Source "ChessBase"]
[SourceDate "2017.10.13"]
[SourceVersion "1"]
[SourceVersionDate "2017.10.13"]
[SourceQuality "1"]

1. c4 e6 2. Nc3 d5 3. d4 Nf6 4. e3 c5 5. dxc5 Bxc5 6. cxd5 exd5 7. Nf3 0-0 8. Be2 Nc6 9. 0-0 Re8 10. a3 a6 11. b4 Bb6 12. Ra2 Qe7 13. Nd4 Ne5 14. h3 Bd7 15. f4 Nc4 16. Rf3 Rad8 17. Qb3 Bxd4 18. exd4 b5 19. Qd1 Qd6 20. f5 Ne4 21. Rc2 Nxc3 22. Rcxc3 1/2-1/2